000 00722cam a2200229 a 4500
001 000011646
005 20240527200609.0
008 800325s1979 mx a b 000 0 spa
035 _a(DLC) 79126066
040 _aDO-SdBNP
_cDLC
_dBNPHU
082 _a658.315
_bD352h
100 1 _aDelgado Alfonso, Jorge R.
_927577
245 1 3 _aEl hombre de relaciones industriales /
_cJorge R. Delgado Alfonso.
260 _aMéxico :
_bDiana,
_c1979.
300 _a166 p. :
_bil. ;
_c20 cm.
500 _a2da reimpresión septiembre del 1979.
504 _aBibliografía: p. 163-166.
650 0 _aRelaciones industriales
_927578
650 4 _aPsicología industriales
_927579
910 _aCatalogación derivada
049 _aBNGR
999 _c11335
_d11335